000 00268nam a22001217a 4500
003 SGT
082 _a618.2
_bM15S
100 _aSOOD, MINI
245 _aMASTERING PRACTICAL OBST. & GYNECOLOGY
260 _aINDIA
_bWOLTER
_c2015
300 _a228
942 _2ddc
_cBK
_04
999 _c14950
_d14950